Finale : (Record no. 9695)

MARC details
000 -LEADER
fixed length control field 01496nam a22002537a 4500
001 - CONTROL NUMBER
control field 9695
003 - CONTROL NUMBER IDENTIFIER
control field FISKH
005 - DATE AND TIME OF LATEST TRANSACTION
control field 20260129160734.0
008 - FIXED-LENGTH DATA ELEMENTS--GENERAL INFORMATION
fixed length control field 260129b cb ||||| |||| 00| 0 eng d
020 ## - INTERNATIONAL STANDARD BOOK NUMBER
International Standard Book Number 9781399633833
040 ## - CATALOGING SOURCE
Original cataloging agency FISKH
Language of cataloging eng
Transcribing agency FISKH
Modifying agency FISKH
050 ## - LIBRARY OF CONGRESS CALL NUMBER
Classification number PZ7.1 .G368 .F
082 ## - DEWEY DECIMAL CLASSIFICATION NUMBER
Classification number 813.6
100 ## - MAIN ENTRY--PERSONAL NAME
Personal name Garber, Stephanie
245 ## - TITLE STATEMENT
Title Finale :
Remainder of title All games must come to an end /
Statement of responsibility, etc. Stephanie Garber
250 ## - EDITION STATEMENT
Edition statement This edition published in 2025
260 ## - PUBLICATION, DISTRIBUTION, ETC.
Place of publication, distribution, etc. Great Britain :
Name of publisher, distributor, etc. London,
Date of publication, distribution, etc. 2019
300 ## - PHYSICAL DESCRIPTION
Extent 468 pages :
Dimensions 20 cm
490 ## - SERIES STATEMENT
Series statement Caraval :
Volume/sequential designation Book Three
520 ## - SUMMARY, ETC.
Summary, etc. A love worth fighting for. A dream worth dying for. An ending worth waiting for.<br/>It's been two months since the Fates were freed from a deck of cards, two months since Legend claimed the throne for his own, and two months since Tella discovered the boy she fell in love with doesn't really exist.<br/>With lives, empires, and hearts hanging in the balance, Tella must decide if she's going to trust Legend or a former enemy. After uncovering a secret that upends her life, Scarlett will need to do the impossible. And Legend has a choice to make that will forever change and define him.<br/>Caraval is over, but perhaps the greatest game of all has begun. There are no spectators this time: only those who will win, and those who will lose everything.<br/>Welcome, welcome to Finale. All games must come to an end...
650 ## - SUBJECT ADDED ENTRY--TOPICAL TERM
Topical term or geographic name entry element Fantasy
Form subdivision Young Adult
General subdivision Romance
942 ## - ADDED ENTRY ELEMENTS (KOHA)
Source of classification or shelving scheme Dewey Decimal Classification
Koha item type Books
Suppress in OPAC No
Holdings
Withdrawn status Lost status Source of classification or shelving scheme Damaged status Not for loan Collection Home library Current library Shelving location Date acquired Total Checkouts Full call number Barcode Date last seen Copy number Price effective from Koha item type
    Dewey Decimal Classification     Fiction Footprints International School Library Network Toul Kork Campus Footprints International School Library Network Toul Kork Campus A TK Campus, 4th Floor, Room B401, Fiction Bookcases (1-6) 01/29/2026   GAR 813.6 PZ7.1 .G368 .F 2026-0207 01/29/2026 1 01/29/2026 Books